| 000 | 00657aam a2200265 4500 | ||
|---|---|---|---|
| 005 | 20240429135342.0 | ||
| 008 | 150424b xxu||||| |||| 00| 0 spa d | ||
| 020 | _a8496137570 | ||
| 041 | _aESP | ||
| 041 | _aING | ||
| 082 |
_a725.16 M779o _b |
||
| 100 |
_aMontes, Cristina _919756 |
||
| 245 | _aOficinas: arquitectura y diseño / Offices: designer and design | ||
| 260 | _aEspaña | ||
| 260 | _bLoft Publications | ||
| 260 | _c2003 | ||
| 300 | _a215 páginas | ||
| 650 | _aOFICINAS | ||
| 650 | _aARQUITECTURA | ||
| 650 | _aAUDITORIOS | ||
| 650 | _aDECORACIÓN DE INTERIORES | ||
| 650 | _aDISEÑOS | ||
| 942 |
_cBK _2ddc |
||
| 999 |
_c2308 _d2308 |
||